| 000 | 00621nam a22001817a 4500 | ||
|---|---|---|---|
| 005 | 20230522052341.0 | ||
| 008 | 221117b |||||||| |||| 00| 0 eng d | ||
| 020 | _a978-621-406-098 | ||
| 082 | _aFil. 174.4 Si618 2016 | ||
| 100 |
_aSiquete, Cherille V. _eauthor |
||
| 245 |
_aBusiness ethics and social responsibility: _bA textbook for senior high school K to 12 curriculum compliant / _cCherille V. Siquete |
||
| 260 |
_aManila: _bMindshapers, _cc.2010. |
||
| 300 |
_ax, 164p.; _bill. |
||
| 504 | _aIncludes bibliographies | ||
| 541 | _e5780 | ||
| 650 | _aBusiness ethics | ||
| 650 | _aSocial responsibility of business | ||
| 999 |
_c218 _d218 |
||